Panoramas contemporáneos de la teoría económica (Registro nro. 4270)
[ vista simple ]
| 000 -LEADER | |
|---|---|
| fixed length control field | 01216 a2200265 4500 |
| 001 - CONTROL NUMBER | |
| control field | 47005 |
| 005 - DATE AND TIME OF LATEST TRANSACTION | |
| control field | 20260407155739.0 |
| 008 - FIXED-LENGTH DATA ELEMENTS--GENERAL INFORMATION | |
| fixed length control field | 260407a1970 arg spa d |
| 003 - CONTROL NUMBER IDENTIFIER | |
| control field | AR-UNSa-BCEJYS |
| 040 ## - CATALOGING SOURCE | |
| Original cataloging agency | AR-UNSa-BCEJYS |
| Language of cataloging | spa |
| Transcribing agency | AR-UNSa-BCEJYS |
| 080 ## - UNIVERSAL DECIMAL CLASSIFICATION NUMBER | |
| Universal Decimal Classification number | 330.1 |
| Common auxiliary subdivision | Ciencia económica. Conceptos fundamentales de teoría económica. Valor. Capital. Fondos |
| 041 ## - LANGUAGE CODE | |
| Language code of text/sound track or separate title | spa |
| 100 1# - MAIN ENTRY--PERSONAL NAME | |
| Personal name | Johnson, Harry G. |
| 245 10 - TITLE STATEMENT | |
| Title | Panoramas contemporáneos de la teoría económica |
| Name of part/section of a work | Volumen I |
| 264 #1 - PRODUCTION, PUBLICATION, DISTRIBUTION, MANUFACTURE, AND COPYRIGHT NOTICE | |
| Place of production, publication, distribution, manufacture | Madrid : |
| Name of producer, publisher, distributor, manufacturer | Alianza Editorial |
| Date of production, publication, distribution, manufacture, or copyright notice | 1970 |
| 300 ## - PHYSICAL DESCRIPTION | |
| Extent | 328 p. |
| Dimensions | 20 cm. |
| 505 ## - FORMATTED CONTENTS NOTE | |
| Formatted contents note | 1.Teoría y política monetaria / Harry G. Johnson - 2. Una visión panorámica de la teoría de la inflación / Martín Bronfenbrenner y Franklyn D. Holzman - 3. Teorías recientes relativas a la naturaleza y el papel del interés /G. L. S. Shackle - 4. Panorama de la teoría económica del bienestar, 1939-59 / E. J. Mishan - |
| 590 ## - LOCAL NOTE (RLIN) | |
| Local note | niveau_biblio:m niveau_hierar:0 |
| 700 1# - ADDED ENTRY--PERSONAL NAME | |
| Personal name | Bronfenbrenner, M. |
| 700 1# - ADDED ENTRY--PERSONAL NAME | |
| Personal name | Holzman, Franklyn D. |
| 700 1# - ADDED ENTRY--PERSONAL NAME | |
| Personal name | Shackle, G.L.S. |
| 700 1# - ADDED ENTRY--PERSONAL NAME | |
| Personal name | Mishan, E. J. |
| 856 41 - ELECTRONIC LOCATION AND ACCESS | |
| Uniform Resource Identifier | <a href="https://www.biblioeco.unsa.edu.ar/pmb/images/libros/L127371.jpg">https://www.biblioeco.unsa.edu.ar/pmb/images/libros/L127371.jpg</a> |
| Link text | Imagen de portada |
| Electronic format type | image/jpeg |
| 942 ## - ADDED ENTRY ELEMENTS (KOHA) | |
| Koha item type | |
| Withdrawn status | Lost status | Damaged status | Not for loan | Home library | Current library | Shelving location | Date acquired | Total checkouts | Full call number | Barcode | Date last seen | Price effective from | Koha item type |
|---|---|---|---|---|---|---|---|---|---|---|---|---|---|
| Biblioteca Prof. Eusebio Cleto del Rey | Biblioteca Prof. Eusebio Cleto del Rey | 07/04/2026 | 330.1 P195 | L127371 | 07/04/2026 | 07/04/2026 | Libro |